000 03829nab a2200337 i 4500
003 BR-BrBNA
005 20240404103443.0
008 240404b2020 bl.ar|pooa||| 00| 0 eng |
040 _aBR-BrBNA
_beng
072 _aF61
_b2320
072 _aF04
100 _aDalazen, Jéssica Rodrigues
100 _aGontijo, Ivoney
100 _aPaye, Henrique de Sá
100 _aValani, Gustavo Pereira
100 _aTomaz, Marcelo Antonio
100 _aPartelli, Fábio Luiz
245 _aMacronutrient dynamics in leaves and bunches of black pepper
500 _a Publicação on-line; 35 ref.; 5 illus.; Summaries (En, Pt)
520 _a Abstract ‒ The objective of this work was to determine the macronutrient dynamics in leaves and bunches of black pepper (Piper nigrum) throughout the plant reproductive cycles. The experiment was carried out in a commercial field of 'Bragantina' black pepper. Leaves and bunches were sampled every 21 days for one year, during two crop cycles. The bunches were sampled from the twenty eighth day after the appearance of inflorescences until the complete fruit maturation. Samples of leaves and bunches were dried, and the contents of N, P, K, Ca, Mg, and S were determined. N, K, and Ca were the most common macronutrients found in the bunches and leaves of black pepper. The accumulation of dry matter in the bunches was similar for both cycles and it was adjusted to the linear and quadratic models. The accumulation and content of macronutrients followed the dry matter behavior trend. Macronutrient contents in leaves oscillate during the year, and K and Mg vary more than N, P, Ca, and S. The macronutrient contents in black pepper leaves and bunches depends on the plant vegetative stage, and this variation should be considered in the planning of the fertilization management. Index terms: Piper nigrum, Bragantina cultivar, fertilization, reproductive cycle.
520 _a Resumo – O objetivo deste trabalho foi determinar a dinâmica de macronutrientes em folhas e cachos de pimenta-do-reino (Piper nigrum), ao longo dos ciclos reprodutivos da planta. O experimento foi realizado em uma lavoura comercial de pimenta-do-reino 'Bragantina'. Folhas e cachos foram amostrados a cada 21 dias, por um ano, durante dois ciclos de cultivo. Os cachos foram amostrados desde o vigésimo oitavo dia após o lançamento das inflorescências até a maturação completa dos frutos. As amostras de folhas e cachos foram secas, e os conteúdos de N, P, K, Ca, Mg e S foram determinados. N, K e Ca foram os macronutrientes mais comuns nos cachos e nas folhas de pimenta-do-reino. O acúmulo de matéria seca nos cachos de pimenta-do-reino foi similar nos dois ciclos e foi ajustado aos modelos linear e quadrático. O acúmulo e o conteúdo de macronutrientes seguiram a tendência de comportamento da matéria seca. O conteúdo de macronutrientes nas folhas oscila durante o ano, e K e Mg variam mais do que N, P, Ca e S. O conteúdo de macronutrientes em folhas e cachos de pimenta-do-reino depende do estádio vegetativo da planta, e essa variação deve ser considerada no planejamento do manejo de adubação. Termos para indexação: Piper nigrum, cultivar Bragantina, fertilização, ciclo reprodutivo.
650 _aPIMENTA DO REINO
650 _aFOLHA
650 _aMACROELEMENTO
650 _aCICLO REPRODUTIVO
650 _aFERTILIFADE DO SOLO
773 0 _0920
_925800
_dBrasília-DF Empresa Brasileira de Pesquisa Agropecuária - EMBRAPA 1966-
_o2023-436355
_tPesquisa Agropecuária Brasileira (Brazil)
_x0100-204X
_gv. 55 p. 1-11; (2020)
_wBR2024000281
856 _uhttps://www.scielo.br/j/pab/a/kK495GPqD7xGThxScRJbtwk/?format=pdf&lang=en
942 _cAnalítica
999 _c299058
_d299058